Selected poems

Salvato in:
Dettagli Bibliografici
Autore principale: Eliot, T.S
Natura: Libro
Lingua:Undetermined
Pubblicazione: New York, Estados Unidos Harcourt, Brace & World 1964
Soggetti:
Tags: Aggiungi Tag
Nessun Tag, puoi essere il primo ad aggiungerne!!

MARC

LEADER 00000nam a2200000Ia 4500
008 170316s9999 xx 000 0 und d
090 |a 810 E-8s 
100 |a Eliot, T.S. 
245 |a Selected poems 
260 |a New York, Estados Unidos 
260 |b Harcourt, Brace & World 
260 |c 1964 
300 |a 127 páginas 
650 |a LITERATURA ESTADOUNIDENSE 
999 |c 20984  |d 20984 
040 |a cru BVZT 
942 |c 15 D  |h 810 E-8s  |2 z